I gingilli indiscreti /

সংরক্ষণ করুন:
গ্রন্থ-পঞ্জীর বিবরন
প্রধান লেখক: Diderot, Denis (লেখক)
অন্যান্য লেখক: Bava, Pino (অনুবাদক)
বিন্যাস: গ্রন্থ
ভাষা:ইতালিয়
প্রকাশিত: Milano : Rizzoli, 1962
মালা:Biblioteca universale Rizzoli ; 1867-1870
ট্যাগগুলো: ট্যাগ যুক্ত করুন
কোনো ট্যাগ নেই, প্রথমজন হিসাবে ট্যাগ করুন!

MARC

LEADER 00000nam a22000007i 4500
001 IT\ICCU\LO1\0051861
003 ItRI
005 20260115232243.0
008 910621s1962 it |||||| ||||| |||||c
015 |2 IT  |a 624386 
040 |b ita  |c importazione bologna sebina 
041 7 |a ita  |2 ISO-639-2 
082 |a 843.5  |9 NARRATIVA FRANCESE. 1715-1789  |2 16 
100 1 |a Diderot, Denis  |0 IT\ICCU\CFIV\006225  |4 aut 
240 1 4 |a Les bijoux indiscrets  |3 IT\ICCU\CFI\0016991  |9 Diderot, Denis 
245 1 2 |a I gingilli indiscreti /  |c Denis Diderot. 
260 |a Milano :  |b Rizzoli,  |c 1962 
300 |a 335 p. ;  |c 16 cm 
500 |a Traduzione di Pino Bava. 
700 1 |a Bava, Pino  |0 IT\ICCU\RAVV\026121  |4 trl 
790 1 |a Crudeli, Thomas,  |d  (1713-1784)  |3 IT\ICCU\SBNV\036218  |z Diderot, Denis 
830 0 |a Biblioteca universale Rizzoli ;  |v 1867-1870  |0 IT\ICCU\RAV\0006435 
942 |2 ddc  |c BK  |n 0 
952 |0 0  |1 0  |4 0  |6 DOC_843_500000000000000_DID  |7 0  |9 23012  |a BO  |b BO  |d 2026-01-15  |i 466  |l 0  |o DOC 843.5 DID  |p BO466  |r 2026-01-15 23:22:43  |w 2026-01-15  |x [Sebina 5] [1 v.]  |y BK  |z 1 v. 
999 |c 19628  |d 19628